| 000 | 00596nam a2200217Ia 4500 | ||
|---|---|---|---|
| 005 | 20240113114727.0 | ||
| 008 | 140110s9999 xx 000 0 und d | ||
| 020 |
_a9788174791290 _cRs 895 |
||
| 040 | _aLoreto College | ||
| 041 | _aEnglish | ||
| 082 |
_a327.1(B) _bCHA |
||
| 100 | _aChauhan, Kirti Singh | ||
| 245 |
_aForeign policy of Bangladesh _cKirti Singh Chauhan |
||
| 260 |
_aNew Delhi _bKaveri Books _c2012 |
||
| 300 | _axx,300p | ||
| 504 | _aIncludes bibliography and index | ||
| 650 | _aForeign Policy | ||
| 651 | _aBangladesh-Foreign Policy | ||
| 850 | _aLCLIB | ||
| 942 | _cBK | ||
| 999 |
_c38378 _d88857 |
||